Sharḥ shawāhid al-Mughnī /
Main Author:
Other Authors:
Format: Book
Language: Arabic
Published:
Miṣr :
al-Maṭbaʿah al-Bahīyah,
1322 [1904].
Subjects:
Tags: Add Tag
Call Number: PJ6151 .I235 1904
| LEADER | 01536nam a2200253Ia 4500 | ||
|---|---|---|---|
| 003 | OSt | ||
| 005 | 20230925071437.0 | ||
| 008 | 130303s1904 ua 000 0 ara d | ||
| 952 | |0 0 |1 0 |2 lcc |4 0 |6 PJ6151 I235 01904 |7 1 |9 50215 |a ARCE |b ARCE |d 2023-09-25 |l 0 |o PJ6151 .I235 1904 |p 1029240 |r 2023-09-25 00:00:00 |w 2023-09-25 |y BK | ||
| 999 | |c 29661 |d 29661 | ||
| 040 | |c ARCE Library | ||
| 050 | 4 | |a PJ6151 .I235 1904 | |
| 100 | 1 | |6 880-01 |a Suyūṭī, |d 1445-1505, |e author | |
| 245 | 1 | 0 | |6 880-02 |a Sharḥ shawāhid al-Mughnī / |c taʼlīf Jalāl al-Dīn ʻAbd al-Rahṃān ibn Abī Bakr al-Suyūtị̄ ; iʻtaná bi-tasḥị̄hịhi... Muhạmmad Mahṃūd ibn al-Talāmīd al-Tarkazī al-Shanqītị̄. |
| 264 | 1 | |a Miṣr : |b al-Maṭbaʿah al-Bahīyah, |c 1322 [1904]. | |
| 300 | |a 330, 2 pages ; |c 28 cm. | ||
| 600 | 1 | 0 | |a Ibn Hishām, ʿAbd Allāh ibn Yūsuf, |d 1309-1360. |t Mughnī al-labīb ʿan kutub al-aʿārīb. |
| 650 | 0 | |a Arabic language |x Grammar |v Early works to 1800. | |
| 650 | 0 | |a Arabic language |x Syntax |v Early works to 1800. | |
| 700 | 1 | |a Shinqīṭī, Muḥammad Maḥmūd. | |
| 880 | 1 | |6 100-01/(3/r |a سيوطي، |d 1445-1505. | |
| 880 | 1 | 0 | |6 245-02/(3/r |a شرح شواهد المغني |c تأليف جلال الدين عبدالرحمن بن أبي بكر السيوطي ؛ إعتنى بتصحيحه محمد محمود إبن التلاميد التركزي الشنقيطي. |
| 901 | |a reviewed | ||
| 942 | |c BK |2 lcc | ||
